00425nam a2200121Ia 4500008004100000100001600041245005500057245002300112260000900135856006700144999001900211952007300230160531s9999 xx 000 0 und d aCohen, Tom. aTelemorphosis: Theory in the Era of Climate Change cby Tom Cohen (ed.) c2012 uhttp://www.openhumanitiespress.org/books/titles/telemorphosis/ c295164d295164 001040aCLbCLd2016-05-31l0r2016-05-31 00:00:00w2016-05-31yCBE